| 000 | 00418nam a2200157Ia 4500 | ||
|---|---|---|---|
| 999 |
_c31793 _d31793 |
||
| 008 | 250310s9999||||xx |||||||||||||| ||und|| | ||
| 020 | _a81-7167-226-4 | ||
| 041 | _ahin | ||
| 082 |
_a891.43 _bG973 |
||
| 100 |
_96057 _aGulzar |
||
| 245 | 0 |
_aPukhraj / _cBy Gulzar. |
|
| 245 | 0 |
_aपुखराज / _cगुलज़ार। |
|
| 260 |
_aNew Delhi : _bRupa and company, _c2004. |
||
| 300 | _a200 p. | ||
| 942 |
_cBK _2ddc |
||